[Event "DVM U14 2020"]
[Site "Willingen GER"]
[Date "2021.06.25"]
[Round "4"]
[White "Rennkamp, David"]
[Black "Ruddat, Jarne"]
[Result "1/2-1/2"]
[Termination "normal"]
[Board "2.4"]
[WhiteElo "1371"]
[BlackElo "1385"]
[WhiteClock "00:19:50"]
[BlackClock "01:09:08"]
[WhiteTeam "SC Turm Lüneburg e.V."]
[BlackTeam "SC Borussia Lichtenberg"]
[PlyCount "78"]
[WhiteFideId "16249526"]
[BlackFideId "16254236"]
[EventCountry "GER"]
[EventRounds "7"]
[EventType "team-swiss"]
[EventDate "2021.06.23"]

1. e4 {[%clk 1:30:58]} 1... e5 {[%clk 1:30:56]} 2. Nf3 {[%clk 1:31:12]} 2...
Nc6 {[%clk 1:31:21]} 3. Bc4 {[%clk 1:31:34]} 3... Bc5 {[%clk 1:31:47]} 4. c3 {
[%clk 1:31:37]} 4... d6 {[%clk 1:31:57]} 5. d3 {[%clk 1:31:31]} 5... a6 { [%clk
1:32:13]} 6. b4 {[%clk 1:31:39]} 6... Ba7 {[%clk 1:32:38]} 7. O-O { [%clk
1:31:59]} 7... Nf6 {[%clk 1:33:05]} 8. Be3 {[%clk 1:32:15]} 8... Ne7 { [%clk
1:32:46]} 9. Nbd2 {[%clk 1:32:18]} 9... Ng6 {[%clk 1:33:03]} 10. Re1 { [%clk
1:32:11]} 10... O-O {[%clk 1:32:58]} 11. Nf1 {[%clk 1:27:28]} 11... Nh5 { [%clk
1:33:23]} 12. Bxa7 {[%clk 1:27:29]} 12... Rxa7 {[%clk 1:33:20]} 13. Ne3 { [%clk
1:19:34]} 13... Ra8 {[%clk 1:32:24]} 14. Qd2 {[%clk 1:14:00]} 14... Nhf4 {[%clk
1:31:14]} 15. Nd5 {[%clk 1:14:17]} 15... Nxd5 16. Bxd5 16... c6 { [%clk
1:31:35]} 17. Bb3 {[%clk 1:14:28]} 17... Nf4 {[%clk 1:30:48]} 18. Kh1 { [%clk
1:05:00]} 18... Bg4 {[%clk 1:29:37]} 19. Ng1 {[%clk 1:00:50]} 19... Kh8 { [%clk
1:25:03]} 20. f3 {[%clk 0:59:46]} 20... Bd7 {[%clk 1:24:41]} 21. Ne2 { [%clk
0:59:40]} 21... Ng6 {[%clk 1:24:51]} 22. Ng3 {[%clk 0:58:07]} 22... Qe7 { [%clk
1:17:00]} 23. Rad1 {[%clk 0:52:18]} 23... Rad8 {[%clk 1:15:03]} 24. d4 { [%clk
0:45:20]} 24... Bc8 {[%clk 1:14:42]} 25. Qe3 {[%clk 0:41:14]} 25... Qc7 { [%clk
1:10:33]} 26. Rd3 {[%clk 0:38:09]} 26... Rfe8 {[%clk 1:10:36]} 27. Red1 { [%clk
0:34:00]} 27... d5 {[%clk 1:08:45]} 28. dxe5 {[%clk 0:30:44]} 28... Nxe5 {[%clk
1:08:00]} 29. R3d2 {[%clk 0:29:06]} 29... dxe4 {[%clk 1:07:24]} 30. Rxd8 {[%clk
0:26:47]} 30... Rxd8 {[%clk 1:07:46]} 31. Rxd8+ {[%clk 0:26:54]} 31... Qxd8
{[%clk 1:08:08]} 32. Nxe4 {[%clk 0:24:57]} 32... f6 {[%clk 1:07:55]} 33. Qd2
{[%clk 0:23:18]} 33... Qxd2 {[%clk 1:07:22]} 34. Nxd2 {[%clk 0:21:27]} 34...
Bf5 {[%clk 1:07:37]} 35. Nc4 {[%clk 0:20:13]} 35... Nxc4 {[%clk 1:07:46]} 36.
Bxc4 {[%clk 0:20:38]} 36... g6 {[%clk 1:08:08]} 37. g3 {[%clk 0:19:52]} 37...
Kg7 {[%clk 1:08:23]} 38. Kg1 {[%clk 0:19:31]} 38... Kf8 {[%clk 1:08:46]} 39.
Kf2 {[%clk 0:19:50]} 39... Ke7 {[%clk 1:09:08]} 1/2-1/2

[Event "DVM U14 2020"]
[Site "Willingen GER"]
[Date "2021.06.25"]
[Round "4"]
[White "Garner, Isaac"]
[Black "Bock, Marlon"]
[Result "1-0"]
[Termination "normal"]
[Board "3.1"]
[WhiteElo "2095"]
[BlackElo "1654"]
[WhiteClock "00:21:14"]
[BlackClock "00:05:22"]
[WhiteTeam "Hamburger SK von 1830"]
[BlackTeam "SSV Vimaria 91 Weimar"]
[PlyCount "123"]
[WhiteFideId "16239261"]
[BlackFideId "16244931"]
[EventCountry "GER"]
[EventRounds "7"]
[EventType "team-swiss"]
[EventDate "2021.06.23"]

1. e4 {[%clk 1:30:56]} 1... e5 {[%clk 1:30:49]} 2. Nf3 {[%clk 1:31:19]} 2...
Nc6 {[%clk 1:30:55]} 3. Bc4 {[%clk 1:31:39]} 3... Bc5 {[%clk 1:30:36]} 4. d3 {
[%clk 1:32:00]} 4... Nf6 {[%clk 1:29:32]} 5. O-O {[%clk 1:32:18]} 5... h6 {
[%clk 1:28:44]} 6. c3 {[%clk 1:32:14]} 6... d6 {[%clk 1:25:09]} 7. Nbd2 { [%clk
1:31:15]} 7... O-O {[%clk 1:24:37]} 8. h3 {[%clk 1:30:19]} 8... a6 { [%clk
1:23:24]} 9. Bb3 {[%clk 1:30:39]} 9... b5 {[%clk 1:20:58]} 10. Re1 { [%clk
1:27:00]} 10... Bb6 {[%clk 1:17:55]} 11. Nf1 {[%clk 1:25:16]} 11... Ne7 { [%clk
1:15:27]} 12. Ng3 {[%clk 1:16:41]} 12... Ng6 {[%clk 1:13:28]} 13. d4 { [%clk
1:15:52]} 13... c5 {[%clk 1:10:05]} 14. Be3 {[%clk 1:13:46]} 14... Bb7 { [%clk
1:09:07]} 15. Bc2 {[%clk 1:11:16]} 15... Re8 {[%clk 1:07:54]} 16. d5 { [%clk
0:56:38]} 16... c4 {[%clk 1:03:05]} 17. b4 {[%clk 0:50:39]} 17... Bxe3 { [%clk
0:56:35]} 18. fxe3 {[%clk 0:50:24]} 18... Qb6 {[%clk 0:54:54]} 19. a4 { [%clk
0:46:37]} 19... Ra7 {[%clk 0:52:06]} 20. Kh2 {[%clk 0:42:09]} 20... Bc8 { [%clk
0:48:57]} 21. Qe2 {[%clk 0:39:28]} 21... Bd7 {[%clk 0:42:35]} 22. Reb1 { [%clk
0:33:47]} 22... Rea8 {[%clk 0:40:53]} 23. Nd2 {[%clk 0:31:55]} 23... Ne7 {[%clk
0:35:31]} 24. Ra2 {[%clk 0:24:09]} 24... Kh7 {[%clk 0:30:21]} 25. a5 { [%clk
0:21:56]} 25... Qc7 {[%clk 0:28:52]} 26. Rf1 {[%clk 0:20:28]} 26... Rg8 { [%clk
0:27:26]} 27. Nf3 {[%clk 0:18:11]} 27... Raa8 {[%clk 0:25:14]} 28. Nh4 { [%clk
0:17:12]} 28... Raf8 {[%clk 0:24:22]} 29. Bb1 {[%clk 0:16:08]} 29... Bc8 {[%clk
0:22:41]} 30. Qe1 {[%clk 0:15:01]} 30... Nd7 {[%clk 0:18:57]} 31. Raf2 { [%clk
0:13:06]} 31... f6 {[%clk 0:18:32]} 32. Nhf5 {[%clk 0:10:28]} 32... Rf7 { [%clk
0:17:28]} 33. Nh5 {[%clk 0:09:24]} 33... Nxf5 {[%clk 0:14:15]} 34. exf5 { [%clk
0:09:20]} 34... Bb7 {[%clk 0:12:57]} 35. e4 {[%clk 0:07:48]} 35... Bc8 { [%clk
0:12:22]} 36. Qe3 {[%clk 0:07:05]} 36... Qd8 {[%clk 0:09:37]} 37. Bc2 { [%clk
0:07:16]} 37... Nf8 {[%clk 0:08:53]} 38. Bd1 {[%clk 0:05:12]} 38... Kh8 { [%clk
0:07:09]} 39. Rf3 {[%clk 0:04:16]} 39... Nh7 {[%clk 0:06:29]} 40. h4 { [%clk
0:00:37]} 40... Bd7 {[%clk 0:05:31]} 41. Rh3 {[%clk 0:28:08]} 41... Rgf8 {[%clk
0:34:28]} 42. g4 {[%clk 0:26:12]} 42... Kg8 {[%clk 0:33:14]} 43. Ng3 { [%clk
0:25:32]} 43... Bc8 {[%clk 0:30:16]} 44. Ne2 {[%clk 0:25:20]} 44... Ng5 { [%clk
0:29:08]} 45. hxg5 {[%clk 0:25:10]} 45... fxg5 {[%clk 0:29:18]} 46. Rhf3 {[%clk
0:24:57]} 46... Rf6 {[%clk 0:23:36]} 47. Ng3 {[%clk 0:24:47]} 47... Qc7 {[%clk
0:20:46]} 48. Nh5 {[%clk 0:24:53]} 48... Kf7 {[%clk 0:20:15]} 49. Be2 { [%clk
0:23:53]} 49... Rd8 {[%clk 0:18:18]} 50. Kg3 {[%clk 0:23:58]} 50... Rh8 { [%clk
0:17:48]} 51. Kf2 {[%clk 0:24:21]} 51... Rd8 {[%clk 0:17:02]} 52. Ke1 { [%clk
0:24:44]} 52... Rh8 {[%clk 0:16:10]} 53. Kd2 {[%clk 0:25:08]} 53... Rd8 { [%clk
0:15:10]} 54. Rh3 {[%clk 0:25:15]} 54... Rh8 {[%clk 0:15:18]} 55. Rfh1 { [%clk
0:25:36]} 55... Qd8 56. R1h2 {[%clk 0:24:31]} 56... Bd7 {[%clk 0:14:12]} 57.
Qa7 {[%clk 0:23:49]} 57... Qc8 {[%clk 0:12:41]} 58. Qb6 {[%clk 0:23:35]} 58...
Qb8 {[%clk 0:09:22]} 59. Qxa6 {[%clk 0:23:25]} 59... Bc8 {[%clk 0:08:01]} 60.
Qb6 {[%clk 0:22:35]} 60... Bd7 {[%clk 0:07:00]} 61. Rh1 {[%clk 0:21:24]} 61...
Qa8 {[%clk 0:05:22]} 62. Nxf6 {[%clk 0:21:14]} 1-0

[Event "DVM U14 2020"]
[Site "Willingen GER"]
[Date "2021.06.25"]
[Round "4"]
[White "Krömer, Emanuel"]
[Black "Huo, Da"]
[Result "0-1"]
[Termination "normal"]
[Board "3.2"]
[WhiteElo "1388"]
[BlackElo "1918"]
[WhiteClock "00:10:55"]
[BlackClock "00:25:02"]
[WhiteTeam "SSV Vimaria 91 Weimar"]
[BlackTeam "Hamburger SK von 1830"]
[PlyCount "66"]
[WhiteFideId "16287070"]
[BlackFideId "16221206"]
[EventCountry "GER"]
[EventRounds "7"]
[EventType "team-swiss"]
[EventDate "2021.06.23"]

1. d4 {[%clk 1:30:59]} 1... Nf6 {[%clk 1:30:56]} 2. Nf3 {[%clk 1:31:23]} 2...
e6 {[%clk 1:30:50]} 3. e3 {[%clk 1:31:38]} 3... b6 {[%clk 1:31:01]} 4. Bd3 {
[%clk 1:31:19]} 4... Bb7 {[%clk 1:31:07]} 5. Nbd2 {[%clk 1:31:31]} 5... Be7 {
[%clk 1:30:25]} 6. O-O {[%clk 1:31:07]} 6... O-O {[%clk 1:30:15]} 7. b3 { [%clk
1:30:18]} 7... c5 {[%clk 1:29:32]} 8. Bb2 {[%clk 1:29:46]} 8... cxd4 { [%clk
1:29:06]} 9. exd4 {[%clk 1:26:28]} 9... Nc6 {[%clk 1:28:08]} 10. c4 { [%clk
1:25:16]} 10... Rc8 {[%clk 1:28:13]} 11. Rc1 {[%clk 1:23:51]} 11... d5 { [%clk
1:20:45]} 12. Qe2 {[%clk 1:19:16]} 12... Nh5 {[%clk 1:16:15]} 13. cxd5 { [%clk
1:03:18]} 13... exd5 {[%clk 1:15:44]} 14. Bf5 {[%clk 1:02:43]} 14... Rc7 {[%clk
1:13:54]} 15. Ne5 {[%clk 0:59:18]} 15... Nf4 {[%clk 1:11:09]} 16. Qg4 { [%clk
0:48:32]} 16... Ng6 {[%clk 1:06:06]} 17. Ndf3 {[%clk 0:41:21]} 17... Bf6 {[%clk
0:56:49]} 18. Rfe1 {[%clk 0:30:08]} 18... Re8 {[%clk 0:49:06]} 19. Nxc6 {[%clk
0:23:47]} 19... Bxc6 {[%clk 0:44:54]} 20. Rxe8+ {[%clk 0:21:57]} 20... Bxe8
{[%clk 0:43:26]} 21. Rxc7 {[%clk 0:21:46]} 21... Qxc7 {[%clk 0:43:51]} 22. h4
{[%clk 0:22:00]} 22... Qf4 {[%clk 0:43:45]} 23. g3 {[%clk 0:21:04]} 23... Qxg4
{[%clk 0:42:07]} 24. Bxg4 {[%clk 0:21:31]} 24... Bb5 {[%clk 0:41:34]} 25. Ne5
{[%clk 0:21:12]} 25... Nxe5 {[%clk 0:41:03]} 26. dxe5 {[%clk 0:21:40]} 26...
Be7 {[%clk 0:41:23]} 27. f4 {[%clk 0:20:06]} 27... Bc5+ {[%clk 0:35:39]} 28.
Kg2 {[%clk 0:18:54]} 28... Kf8 {[%clk 0:30:33]} 29. Bf3 {[%clk 0:16:31]} 29...
d4 {[%clk 0:30:04]} 30. g4 {[%clk 0:13:29]} 30... Ke7 {[%clk 0:29:26]} 31. a3
{[%clk 0:12:07]} 31... d3 {[%clk 0:28:08]} 32. Bd1 {[%clk 0:11:07]} 32... Bc6+
{[%clk 0:25:02]} 33. Bf3 {[%clk 0:10:55]} 33... d2 0-1

[Event "DVM U14 2020"]
[Site "Willingen GER"]
[Date "2021.06.25"]
[Round "4"]
[White "Wetzig, Cay Luis"]
[Black "Genov, Valentin"]
[Result "0-1"]
[Termination "normal"]
[Board "3.4"]
[BlackTitle "CM"]
[WhiteElo "1043"]
[BlackElo "1826"]
[WhiteClock "00:42:02"]
[BlackClock "00:22:38"]
[WhiteTeam "SSV Vimaria 91 Weimar"]
[BlackTeam "Hamburger SK von 1830"]
[PlyCount "90"]
[WhiteFideId "34605940"]
[BlackFideId "2919745"]
[EventCountry "GER"]
[EventRounds "7"]
[EventType "team-swiss"]
[EventDate "2021.06.23"]

1. d4 {[%clk 1:30:58]} 1... Nf6 {[%clk 1:30:54]} 2. Nf3 {[%clk 1:31:19]} 2...
e6 {[%clk 1:31:09]} 3. e3 {[%clk 1:31:37]} 3... c5 {[%clk 1:31:29]} 4. b3 {
[%clk 1:31:38]} 4... b6 {[%clk 1:22:31]} 5. Ba3 {[%clk 1:29:10]} 5... Bb7 {
[%clk 1:20:49]} 6. Nbd2 {[%clk 1:27:06]} 6... d5 {[%clk 1:18:11]} 7. Bd3 {
[%clk 1:24:08]} 7... Nc6 {[%clk 1:09:54]} 8. c3 {[%clk 1:19:33]} 8... Bd6 {
[%clk 1:04:11]} 9. Rb1 {[%clk 1:15:56]} 9... O-O {[%clk 0:53:13]} 10. O-O {
[%clk 1:12:38]} 10... Re8 {[%clk 0:49:38]} 11. Re1 {[%clk 1:07:51]} 11... cxd4
{[%clk 0:45:44]} 12. Bxd6 {[%clk 1:05:39]} 12... dxc3 {[%clk 0:45:57]} 13. Ba3
{[%clk 1:04:44]} 13... cxd2 {[%clk 0:46:10]} 14. Qxd2 {[%clk 1:04:54]} 14...
Rc8 {[%clk 0:42:45]} 15. Qe2 {[%clk 1:03:43]} 15... e5 {[%clk 0:33:49]} 16. Bb5
{[%clk 1:00:50]} 16... a6 {[%clk 0:28:03]} 17. Bxa6 {[%clk 0:58:54]} 17... Bxa6
{[%clk 0:28:23]} 18. Qxa6 {[%clk 0:59:18]} 18... Ra8 {[%clk 0:28:50]} 19. Qb7 {
[%clk 0:58:14]} 19... Na5 {[%clk 0:29:04]} 20. Qxa8 {[%clk 0:55:51]} 20... Qxa8
{[%clk 0:29:32]} 21. Bb2 {[%clk 0:53:57]} 21... Nc6 {[%clk 0:28:50]} 22. a4 {
[%clk 0:52:44]} 22... Ne4 {[%clk 0:26:01]} 23. Red1 {[%clk 0:52:09]} 23... Qd8
{[%clk 0:25:25]} 24. Rbc1 {[%clk 0:49:48]} 24... Qd7 {[%clk 0:24:46]} 25. h3 {
[%clk 0:48:57]} 25... f6 {[%clk 0:22:44]} 26. Rc2 {[%clk 0:46:59]} 26... Nb4 {
[%clk 0:21:17]} 27. Rcc1 {[%clk 0:46:19]} 27... Rc8 {[%clk 0:21:37]} 28. Ra1 {
[%clk 0:44:44]} 28... Nxf2 {[%clk 0:18:32]} 29. Kxf2 {[%clk 0:44:03]} 29...
Rc2+ {[%clk 0:18:13]} 30. Rd2 {[%clk 0:44:12]} 30... Rxb2 {[%clk 0:17:07]} 31.
Rxb2 {[%clk 0:44:19]} 31... Nd3+ {[%clk 0:17:36]} 32. Kf1 {[%clk 0:44:24]}
32... Nxb2 {[%clk 0:17:59]} 33. Ra2 {[%clk 0:42:57]} 33... Qc6 {[%clk 0:17:45]}
34. Rxb2 {[%clk 0:41:10]} 34... Qc1+ {[%clk 0:17:56]} 35. Ne1 {[%clk 0:40:59]}
35... Qxb2 {[%clk 0:18:22]} 36. Kg1 {[%clk 0:40:48]} 36... Qxb3 {[%clk 0:18:45]
} 37. Kh2 {[%clk 0:41:05]} 37... Qxe3 {[%clk 0:19:07]} 38. Nc2 {[%clk 0:40:29]}
38... Qc3 {[%clk 0:19:31]} 39. a5 {[%clk 0:40:21]} 39... bxa5 {[%clk 0:19:58]}
40. Ne1 {[%clk 0:40:40]} 40... Qxe1 {[%clk 0:20:24]} 41. g3 41... Qe2+ { [%clk
0:20:46]} 42. Kh1 {[%clk 0:41:01]} 42... a4 {[%clk 0:21:15]} 43. Kg1 { [%clk
0:41:16]} 43... a3 {[%clk 0:21:42]} 44. Kh1 {[%clk 0:41:39]} 44... a2 { [%clk
0:22:12]} 45. Kg1 {[%clk 0:42:02]} 45... a1=Q# {[%clk 0:22:38]} 0-1

[Event "DVM U14 2020"]
[Site "Willingen GER"]
[Date "2021.06.25"]
[Round "4"]
[White "Reichmann, Felix"]
[Black "Eull, Emil"]
[Result "1-0"]
[Termination "normal"]
[Board "4.1"]
[WhiteElo "1780"]
[BlackElo "1662"]
[WhiteClock "00:11:24"]
[BlackClock "00:01:02"]
[WhiteTeam "Schachfreunde Nordost Berlin"]
[BlackTeam "SF Neuberg"]
[PlyCount "129"]
[WhiteFideId "16238290"]
[BlackFideId "16253809"]
[EventCountry "GER"]
[EventRounds "7"]
[EventType "team-swiss"]
[EventDate "2021.06.23"]

1. c4 {[%clk 1:30:56]} 1... g6 {[%clk 1:30:56]} 2. g3 {[%clk 1:31:05]} 2... Bg7
{[%clk 1:31:16]} 3. Bg2 {[%clk 1:31:08]} 3... e5 {[%clk 1:31:36]} 4. Nc3 {
[%clk 1:31:00]} 4... Nc6 {[%clk 1:31:52]} 5. e3 {[%clk 1:30:40]} 5... d6 {
[%clk 1:32:05]} 6. Nge2 {[%clk 1:30:51]} 6... h5 {[%clk 1:32:19]} 7. h3 { [%clk
1:28:33]} 7... h4 {[%clk 1:23:55]} 8. g4 {[%clk 1:28:47]} 8... Nh6 { [%clk
1:13:27]} 9. d4 {[%clk 1:15:02]} 9... f5 {[%clk 1:12:04]} 10. d5 { [%clk
1:14:13]} 10... Nb8 {[%clk 1:09:01]} 11. f3 {[%clk 1:11:26]} 11... fxg4 { [%clk
1:04:09]} 12. fxg4 {[%clk 1:11:23]} 12... O-O {[%clk 0:43:39]} 13. Qc2 { [%clk
1:07:24]} 13... Kh7 {[%clk 0:42:43]} 14. Bd2 {[%clk 1:06:00]} 14... a6 { [%clk
0:40:51]} 15. Ng1 {[%clk 1:04:34]} 15... Nd7 {[%clk 0:37:31]} 16. Be4 { [%clk
0:55:52]} 16... Qf6 {[%clk 0:33:17]} 17. Nf3 {[%clk 0:55:57]} 17... Nf7 { [%clk
0:32:28]} 18. b4 {[%clk 0:54:24]} 18... Ng5 {[%clk 0:31:22]} 19. Bxg6+ { [%clk
0:52:47]} 19... Kh8 {[%clk 0:29:13]} 20. Nxg5 {[%clk 0:52:48]} 20... Qxg5
{[%clk 0:29:40]} 21. Ke2 {[%clk 0:47:38]} 21... a5 {[%clk 0:24:21]} 22. a3 {
[%clk 0:47:09]} 22... axb4 {[%clk 0:24:05]} 23. axb4 {[%clk 0:47:37]} 23...
Rxa1 {[%clk 0:24:25]} 24. Rxa1 {[%clk 0:48:06]} 24... Qf6 {[%clk 0:24:07]} 25.
Qf5 {[%clk 0:47:27]} 25... Qxf5 {[%clk 0:24:07]} 26. Bxf5 {[%clk 0:47:55]}
26... Nb6 {[%clk 0:21:15]} 27. Bxc8 {[%clk 0:39:49]} 27... Rxc8 {[%clk 0:19:03]
} 28. c5 {[%clk 0:39:44]} 28... dxc5 {[%clk 0:18:49]} 29. bxc5 {[%clk 0:40:04]}
29... Nd7 {[%clk 0:19:01]} 30. Ne4 {[%clk 0:40:22]} 30... Bf8 {[%clk 0:18:46]}
31. Rc1 {[%clk 0:33:40]} 31... b6 {[%clk 0:16:28]} 32. cxb6 {[%clk 0:31:18]}
32... Nxb6 {[%clk 0:16:40]} 33. Bc3 {[%clk 0:30:59]} 33... Nxd5 {[%clk 0:13:43]
} 34. Bxe5+ {[%clk 0:29:41]} 34... Bg7 {[%clk 0:14:02]} 35. Nd6 {[%clk 0:27:54]
} 35... Ra8 {[%clk 0:11:54]} 36. Bxg7+ {[%clk 0:28:11]} 36... Kxg7 { [%clk
0:12:18]} 37. Nf5+ {[%clk 0:28:32]} 37... Kf6 {[%clk 0:12:19]} 38. Rc5 { [%clk
0:26:50]} 38... Ke6 {[%clk 0:11:08]} 39. Nxh4 {[%clk 0:24:54]} 39... Rh8 {[%clk
0:09:45]} 40. Ng2 {[%clk 0:23:56]} 40... Kd6 {[%clk 0:09:44]} 41. Ra5 { [%clk
0:24:05]} 41... Nc3+ {[%clk 0:08:42]} 42. Kd3 {[%clk 0:24:05]} 42... Nd5 {[%clk
0:04:17]} 43. h4 {[%clk 0:21:54]} 43... Rf8 {[%clk 0:02:33]} 44. Kd4 { [%clk
0:19:08]} 44... Nb4 {[%clk 0:02:20]} 45. Rf5 {[%clk 0:19:29]} 45... Re8 { [%clk
0:01:56]} 46. g5 {[%clk 0:16:48]} 46... c5+ {[%clk 0:29:12]} 47. Kc3 { [%clk
0:46:16]} 47... Nd5+ {[%clk 0:28:14]} 48. Kd3 {[%clk 0:45:08]} 48... Nb4+
{[%clk 0:27:18]} 49. Kd2 {[%clk 0:45:27]} 49... Rc8 {[%clk 0:24:17]} 50. Ne1 {
[%clk 0:39:13]} 50... c4 {[%clk 0:23:56]} 51. Nc2 {[%clk 0:39:07]} 51... c3+ {
[%clk 0:23:46]} 52. Kd1 {[%clk 0:39:30]} 52... Nd3 {[%clk 0:21:47]} 53. g6 {
[%clk 0:38:14]} 53... Ne5 {[%clk 0:17:34]} 54. h5 {[%clk 0:37:22]} 54... Ng4 {
[%clk 0:15:58]} 55. g7 {[%clk 0:35:55]} 55... Ke7 {[%clk 0:14:57]} 56. Rg5 {
[%clk 0:32:28]} 56... Nf6 {[%clk 0:13:49]} 57. h6 {[%clk 0:32:19]} 57... Kf7 {
[%clk 0:13:55]} 58. Nd4 {[%clk 0:29:44]} 58... Ra8 {[%clk 0:08:30]} 59. Nc2 {
[%clk 0:20:39]} 59... Rb8 {[%clk 0:06:22]} 60. Kc1 {[%clk 0:20:44]} 60... Kg8 {
[%clk 0:04:10]} 61. Nd4 {[%clk 0:15:45]} 61... Kh7 {[%clk 0:03:13]} 62. Rf5 {
[%clk 0:14:18]} 62... Ng8 {[%clk 0:02:51]} 63. Rf8 {[%clk 0:14:15]} 63... Rb6 {
[%clk 0:01:50]} 64. Nf5 {[%clk 0:11:13]} 64... Rb5 {[%clk 0:01:02]} 65. Rxg8 {
[%clk 0:11:24]} 1-0

[Event "DVM U14 2020"]
[Site "Willingen GER"]
[Date "2021.06.25"]
[Round "4"]
[White "Buchinger, Alexis"]
[Black "Gutewort, Paul Emil"]
[Result "0-1"]
[Termination "normal"]
[Board "4.2"]
[WhiteElo "1536"]
[BlackElo "1689"]
[WhiteClock "01:04:33"]
[BlackClock "00:38:57"]
[WhiteTeam "SF Neuberg"]
[BlackTeam "Schachfreunde Nordost Berlin"]
[PlyCount "146"]
[WhiteFideId "16287134"]
[BlackFideId "16204182"]
[EventCountry "GER"]
[EventRounds "7"]
[EventType "team-swiss"]
[EventDate "2021.06.23"]

1. c4 {[%clk 1:30:54]} 1... g6 {[%clk 1:30:40]} 2. d4 {[%clk 1:31:20]} 2... Bg7
{[%clk 1:31:04]} 3. Nc3 {[%clk 1:31:38]} 3... d6 {[%clk 1:31:29]} 4. e4 { [%clk
1:31:46]} 4... Nc6 {[%clk 1:31:41]} 5. Nge2 {[%clk 1:31:50]} 5... e5 { [%clk
1:31:34]} 6. d5 {[%clk 1:31:38]} 6... Nce7 {[%clk 1:31:56]} 7. g3 { [%clk
1:31:28]} 7... f5 {[%clk 1:30:17]} 8. Bg2 {[%clk 1:31:39]} 8... Nf6 { [%clk
1:30:35]} 9. Bg5 {[%clk 1:31:34]} 9... O-O {[%clk 1:29:59]} 10. O-O { [%clk
1:31:37]} 10... Qe8 {[%clk 1:27:43]} 11. f4 {[%clk 1:29:41]} 11... Nd7 { [%clk
1:19:35]} 12. Nb5 {[%clk 1:28:54]} 12... Qd8 {[%clk 1:15:03]} 13. Bxe7 { [%clk
1:28:36]} 13... Qxe7 {[%clk 1:15:31]} 14. Nxc7 {[%clk 1:28:52]} 14... Rb8
{[%clk 1:15:56]} 15. Ne6 {[%clk 1:28:55]} 15... Rf7 {[%clk 1:16:18]} 16. exf5 {
[%clk 1:29:05]} 16... Rxf5 {[%clk 1:11:14]} 17. Be4 {[%clk 1:28:13]} 17... Rf6
{[%clk 1:10:00]} 18. f5 {[%clk 1:27:25]} 18... gxf5 {[%clk 1:02:52]} 19. Bxf5 {
[%clk 1:23:51]} 19... Nc5 {[%clk 0:53:53]} 20. Nxg7 {[%clk 1:21:22]} 20... Qxg7
{[%clk 0:53:47]} 21. Bxc8 {[%clk 1:21:36]} 21... Rxc8 {[%clk 0:53:22]} 22. Qc2
{[%clk 1:21:20]} 22... Rcf8 {[%clk 0:52:43]} 23. Nc3 {[%clk 1:19:53]} 23... a6
{[%clk 0:50:51]} 24. Ne4 {[%clk 1:19:31]} 24... Rxf1+ {[%clk 0:50:17]} 25. Rxf1
{[%clk 1:19:58]} 25... Rxf1+ {[%clk 0:50:39]} 26. Kxf1 {[%clk 1:20:24]} 26...
Qg6 {[%clk 0:50:37]} 27. Nf6+ {[%clk 1:05:49]} 27... Qxf6+ {[%clk 0:50:59]} 28.
Ke2 {[%clk 1:06:13]} 28... Qg6 {[%clk 0:50:10]} 29. Qxg6+ {[%clk 1:05:43]}
29... hxg6 {[%clk 0:50:34]} 30. b4 {[%clk 1:06:08]} 30... Ne4 {[%clk 0:50:19]}
31. Kd3 {[%clk 1:05:52]} 31... Nf6 {[%clk 0:50:27]} 32. g4 {[%clk 1:05:29]}
32... Kf7 {[%clk 0:49:42]} 33. g5 {[%clk 1:05:39]} 33... Ne8 {[%clk 0:48:07]}
34. Ke4 {[%clk 1:05:46]} 34... Ke7 {[%clk 0:48:11]} 35. a4 {[%clk 1:05:11]}
35... Ng7 {[%clk 0:46:40]} 36. c5 {[%clk 1:04:00]} 36... Nf5 {[%clk 0:45:18]}
37. c6 {[%clk 1:03:06]} 37... b5 {[%clk 0:45:30]} 38. a5 {[%clk 1:02:44]} 38...
Nd4 {[%clk 0:44:59]} 39. h3 {[%clk 1:02:17]} 39... Ne2 {[%clk 0:32:11]} 40. h4
{[%clk 0:54:35]} 40... Nc3+ {[%clk 0:31:55]} 41. Kf3 {[%clk 0:54:31]} 41...
Nxd5 {[%clk 0:32:14]} 42. Ke4 {[%clk 0:54:27]} 42... Nf4 {[%clk 0:31:20]} 43.
Kf3 {[%clk 0:54:08]} 43... d5 {[%clk 0:31:06]} 44. h5 {[%clk 0:54:19]} 44...
Nxh5 {[%clk 0:31:22]} 45. c7 {[%clk 0:54:40]} 45... Kd7 {[%clk 0:31:47]} 46.
Ke3 {[%clk 0:55:05]} 46... Kxc7 {[%clk 0:32:13]} 47. Kd3 {[%clk 0:55:31]} 47...
Kd6 {[%clk 0:32:39]} 48. Kc3 {[%clk 0:55:56]} 48... Nf4 {[%clk 0:33:02]} 49.
Kd2 {[%clk 0:56:20]} 49... d4 {[%clk 0:33:27]} 50. Kc2 {[%clk 0:56:47]} 50...
Kd5 {[%clk 0:33:53]} 51. Kb3 {[%clk 0:57:11]} 51... d3 {[%clk 0:34:14]} 52. Kc3
{[%clk 0:57:38]} 52... e4 {[%clk 0:34:36]} 53. Kd2 {[%clk 0:59:21]} 53... Kd4 {
[%clk 0:35:57]} 54. Kd1 {[%clk 0:59:21]} 54... Ke3 {[%clk 0:35:57]} 55. Ke1 {
[%clk 0:59:21]} 55... Kf3 {[%clk 0:35:57]} 56. Kd2 {[%clk 0:59:21]} 56... Ng2 {
[%clk 0:35:57]} 57. Kc3 {[%clk 0:59:21]} 57... Ke2 {[%clk 0:35:57]} 58. Kd4 {
[%clk 0:59:21]} 58... d2 {[%clk 0:35:57]} 59. Kxe4 {[%clk 1:00:25]} 59... d1=Q
{[%clk 0:36:49]} 60. Ke5 {[%clk 1:00:52]} 60... Qd7 {[%clk 0:36:38]} 61. Ke4 {
[%clk 1:01:02]} 61... Qf5+ {[%clk 0:35:41]} 62. Kd4 {[%clk 1:01:25]} 62... Kf3
{[%clk 0:36:00]} 63. Kc3 63... Qe4 {[%clk 0:36:09]} 64. Kd2 {[%clk 1:02:07]}
64... Qxb4+ {[%clk 0:36:20]} 65. Kd3 {[%clk 1:02:29]} 65... Qxa5 { [%clk
0:36:44]} 66. Kd4 {[%clk 1:02:51]} 66... Qd2+ {[%clk 0:37:02]} 67. Ke5 67...
Qxg5+ {[%clk 0:37:27]} 68. Kd4 {[%clk 1:03:38]} 68... b4 {[%clk 0:37:33]} 69.
Kc4 {[%clk 1:04:01]} 69... Qb5+ {[%clk 0:37:56]} 70. Kd4 {[%clk 1:04:16]} 70...
b3 {[%clk 0:38:14]} 71. Kc3 {[%clk 1:04:42]} 71... b2 {[%clk 0:38:39]} 72. Kd2
{[%clk 1:04:09]} 72... b1=Q {[%clk 0:38:57]} 73. Kc3 {[%clk 1:04:33]} 73...
Q5d3# 0-1